Obálka Náhled e-knihy:
PDF Epub
Pro půjčování e-knih musíte být přihlášeni.
Jak si půjčit online?

Hlas v mlze /

  V desáté minisérii vám přinášíme tři poutavé povídky od zahraničních autorů 20. století. ´Hlas v mlze od Henryho Leverage´ Poutavá povídka sleduje temné události na palubě zaoceánského tankeru Seriphus, kde vládne napětí, pašování a osobní vendety. Hlavní inženýr Paul Richter, pr...

Celý popis

Uloženo v:
Hlavní autor: Kolektiv autorů, (Autor)
Médium: E-kniha
Jazyk:Czech
Vydáno: Praha : Splendidum družstvo, 2026
Tagy:
Žádné tagy
LEADER 02298nam a22002297i 4500
001 299255
007 ta
008 260428s2026 xr ||||| |||| 00| 0 cze d
020 |a 9990004264373 
044 |a xr 
100 1 |a  Kolektiv autorů,   |4 aut 
245 1 0 |a Hlas v mlze /  |c  Kolektiv autorů,  
264 1 |a Praha :  |b Splendidum družstvo,  |c 2026 
300 |a 1 online zdroj (76 stran) 
336 |a text  |b txt  |2 rdacontent 
337 |a bez média  |b n  |2 rdamedia 
338 |a online zdroj  |b cr  |2 rdacarrier 
520 2 |a   V desáté minisérii vám přinášíme tři poutavé povídky od zahraničních autorů 20. století. ´Hlas v mlze od Henryho Leverage´ Poutavá povídka sleduje temné události na palubě zaoceánského tankeru Seriphus, kde vládne napětí, pašování a osobní vendety. Hlavní inženýr Paul Richter, pronásledovaný vinou za nekalý čin, začíná na osamělém moři slýchat přízračný hlas, který ho přivádí na pokraj šílenství. Příběh vrcholí dramatickým odhalením a konfrontací s minulostí, jež navždy změní osudy posádky skryté v husté mlze Tichého oceánu. ´Večerní vlci od Paula Ellswortha Triema´ Napínavý kriminální příběh sleduje gang zlodějů, kteří pátrají po zmizelém plukovníkovi a tajemném muži jménem Ah Wing. Postupně se ukazuje, že dům, v němž je plukovník držen, skrývá nebezpečné pasti i podivné bytosti, zatímco mezi samotnými zločinci roste napětí a zrada. Honba za cennými šperky se tak mění v boj o přežití, kde každý krok může být poslední. ´Jack o' mystery od Edwina Maclarena´ Detektiv Barry se nechá najmout jako sluha, aby odhalil záhadného „ducha“, který děsí obyvatele domu Peytonových a nutí je k odchodu. Postupně shromažďuje důkazy a odhalí, co za přeludem stojí.     
910 |a RBIT002 
998 |d 426437  |a https://core.palmknihy.cz/api/books/426437/cover?te05tx  |b https://core.palmknihy.cz/api/books/426437/cover/400?te05tx  |c https://core.palmknihy.cz/api/books/426437/cover/50?te05tx  |e   |g 76  |i 9990004264373  |j https://core.palmknihy.cz/api/books/426437/preview.epub  |k https://core.palmknihy.cz/api/books/426437/preview.pdf  |l   |q 49  |r 1  |s https://www.palmknihy.cz/kniha/426437  |t ebook  |y 2026  |z 1 
999 |d 299253